Globalization and transformations of social inequality (Record no. 101148)
| 000 -LEADER | |
|---|---|
| fixed length control field | 00610nam a2200205Ia 4500 |
| 003 - CONTROL NUMBER IDENTIFIER | |
| control field | LDD |
| 008 - FIXED-LENGTH DATA ELEMENTS--GENERAL INFORMATION | |
| fixed length control field | 181029s9999 xx 000 0 und d |
| 020 ## - INTERNATIONAL STANDARD BOOK NUMBER | |
| International Standard Book Number | 9780415874823 |
| Terms of availability | P 70.00 |
| 040 ## - CATALOGING SOURCE | |
| Transcribing agency | LDD |
| 100 ## - MAIN ENTRY--PERSONAL NAME | |
| Personal name | Schuerkens, Ulrike |
| 245 #0 - TITLE STATEMENT | |
| Title | Globalization and transformations of social inequality |
| Statement of responsibility, etc. | Ulrike Schuerkens |
| 260 ## - PUBLICATION, DISTRIBUTION, ETC. | |
| Place of publication, distribution, etc. | New York |
| Name of publisher, distributor, etc. | Routledge |
| Date of publication, distribution, etc. | 2010 |
| 300 ## - PHYSICAL DESCRIPTION | |
| Extent | xvi, 291p. |
| 365 ## - TRADE PRICE | |
| Price amount | P 70.00 |
| 440 ## - SERIES STATEMENT/ADDED ENTRY--TITLE | |
| Title | Routledge advances in sociology |
| Volume/sequential designation | 53 |
| 901 ## - LOCAL DATA ELEMENT A, LDA (RLIN) | |
| a | 8212 |
| b | 05-01-2012 |
| 902 ## - LOCAL DATA ELEMENT B, LDB (RLIN) | |
| a | 10507 |
| b | 18-01-2012 |
| c | F |
| d | ELITE |
| e | FTF |
| 903 ## - LOCAL DATA ELEMENT C, LDC (RLIN) | |
| a | Discount-15 |
| b | Reqst by : R. Kumar |
| 942 ## - ADDED ENTRY ELEMENTS (KOHA) | |
| Source of classification or shelving scheme | Dewey Decimal Classification |
| Koha item type | Books |
| Withdrawn status | Lost status | Source of classification or shelving scheme | Damaged status | Not for loan | Home library | Current library | Total Checkouts | Full call number | Barcode | Date last seen | Cost, replacement price | Price effective from | Koha item type |
|---|---|---|---|---|---|---|---|---|---|---|---|---|---|
| No | Dewey Decimal Classification | Library and Documentation Division | Library and Documentation Division | 305 G51 | 084482 | 11/01/2018 | 5440.40 | 11/01/2018 | Books |
